Pakistan Labour Cases 1983 / (Record no. 595158)
[ view plain ]
| 000 -LEADER | |
|---|---|
| fixed length control field | 00379nam a22001217a 4500 |
| 003 - CONTROL NUMBER IDENTIFIER | |
| control field | NUST |
| 082 ## - DEWEY DECIMAL CLASSIFICATION NUMBER | |
| Classification number | 344.0095491 |
| Author Mark | PLC |
| 245 ## - TITLE STATEMENT | |
| Title | Pakistan Labour Cases 1983 / |
| Statement of responsibility, etc. | Founded by Malik Mir Muhammad and Edited by Kazi Muhammad Ashraf et all |
| 260 ## - PUBLICATION, DISTRIBUTION, ETC. | |
| Place of publication, distribution, etc. | Lahore : |
| Name of publisher, distributor, etc. | PLD Publishers, |
| Date of publication, distribution, etc. | 1983. |
| 300 ## - PHYSICAL DESCRIPTION | |
| Extent | Vol: 1. 1292 and Vol: 2. 1304 p. ; |
| Dimensions | 23cm. |
| 563 ## - BINDING INFORMATION | |
| Binding note | HB. |
| 942 ## - ADDED ENTRY ELEMENTS (KOHA) | |
| Source of classification or shelving scheme | |
| Koha item type | Continuing Resources |
| Serial record | 1 |
| Withdrawn status | Lost status | Source of classification or shelving scheme | Damaged status | Not for loan | Permanent Location | Current Location | Shelving location | Date acquired | Source of acquisition | Serial Enumeration / chronology | Full call number | Barcode | Date last seen | Price effective from | Koha item type |
|---|---|---|---|---|---|---|---|---|---|---|---|---|---|---|---|
| NUST Law School (NLS) | NUST Law School (NLS) | Law | 07/07/2023 | PLD Publishers | Vol. XXIV, No. 1 | 344.0095491 PLC | CL-L-1273 | 07/07/2023 | 07/07/2023 | Reference | |||||
| NUST Law School (NLS) | NUST Law School (NLS) | Law | 07/07/2023 | PLD Publishers | Vol. XXIV, No. 2 | 344.0095491 PLC | CL-L-1274 | 07/07/2023 | 07/07/2023 | Reference |
